Almanaque Las Provincias (Record no. 2654)

MARC details
000 -LEADER
campo de control de longitud fija 00964nas a2200289 i 4500
001 - NÚMERO DE CONTROL
campo de control 2654
003 - IDENTIFICADOR DE NÚMERO DE CONTROL
campo de control ES-MaACL
005 - FECHA Y HORA DE LA ÚLTIMA TRANSACCIÓN
campo de control 20250709062527.0
007 - CAMPO FIJO DE DESCRIPCIÓN FÍSICA--INFORMACIÓN GENERAL
campo de control de longitud fija t|
008 - DATOS DE LONGITUD FIJA--INFORMACIÓN GENERAL
campo de control de longitud fija 950801c1880 sp a| | 1 ||pa d
080 ## - NÚMERO DE LA CLASIFICACIÓN DECIMAL UNIVERSAL
Número de la Clasificación Decimal Universal (059)
245 00 - MENCIÓN DEL TÍTULO
Título Almanaque Las Provincias
Resto del título : diario de Valencia para el año...
260 ## - PUBLICACIÓN, DISTRIBUCIÓN, ETC.
Lugar de publicación, distribución, etc. Valencia :
Nombre del editor, distribuidor, etc. [s.n.],
Fecha de publicación, distribución, etc. [1880-] (
Fabricante Impr. Domenech)
300 ## - DESCRIPCIÓN FÍSICA
Extensión v ;
Dimensiones 19 y 21 cm.
310 ## - PERIODICIDAD ACTUAL
Periodicidad actual Anual
362 0# - FECHAS DE PUBLICACIÓN Y/O DESIGNACIÓN SECUENCIAL
Fecha de publicación y/o designación secuencial Año 1 (1880)-
852 ## - LOCALIZACIÓN
Ubicación ES-MaACL
Número de control de estantería F-12401
Nota libre .- Año 1898
852 ## - LOCALIZACIÓN
Ubicación ES-MaACL
Número de control de estantería T-398-F-10-11
Nota libre .- Año 1881, 1883
852 ## - LOCALIZACIÓN
Ubicación ES-MaACL
Número de control de estantería T-582-F-1-2
Nota libre .- Años 1889 y 1892
852 ## - LOCALIZACIÓN
Ubicación ES-MaACL
Número de control de estantería T-749-F-1-3
Nota libre .- Años 1895-1897
852 ## - LOCALIZACIÓN
Ubicación ES-MaACL
Número de control de estantería T-476-F-1-3
Nota libre .- Años 1885, 1887, 1888
852 ## - LOCALIZACIÓN
Ubicación ES-MaACL
Número de control de estantería T-721-F-2-3
Nota libre .- Año 1893-1894
852 ## - LOCALIZACIÓN
Ubicación ES-MaACL
Número de control de estantería T-417-F-7
Nota libre .- Año 1886
866 #0 - MENCIÓN TEXTUAL DE FONDOS--UNIDAD BIBLIOGRÁFICA BÁSICA
Fondos 1881, 1883, 1885-1889, 1892-1895,1898.
942 ## - ELEMENTOS DE ENTRADA SECUNDARIOS (KOHA)
Fuente del sistema de clasificación o colocación Clasificación decimal universal
Tipo de ítem Koha Revista
Holdings
Estatus retirado Estado de pérdida Fuente del sistema de clasificación o colocación Estado de daño No para préstamo Colección Biblioteca de origen Biblioteca actual Ubicación en estantería Fecha de adquisición Total de préstamos Signatura topográfica completa Código de barras Visto por última vez Precio de reemplazo Tipo de ítem Koha
    Clasificación decimal universal     Periódicos y Revistas Biblioteca del Ateneo de Madrid Biblioteca del Ateneo de Madrid Depósito folletos 21/10/2014   T-582-F-1-2 1193272 23/02/2023 23/02/2023 Revista
    Clasificación decimal universal     Periódicos y Revistas Biblioteca del Ateneo de Madrid Biblioteca del Ateneo de Madrid Sala Pecera Planta 2 17/01/2008   F-12401 1002699 23/02/2023 23/02/2023 Revista
    Clasificación decimal universal     Periódicos y Revistas Biblioteca del Ateneo de Madrid Biblioteca del Ateneo de Madrid Depósito folletos 10/04/2015   T-749-F-1-3 1193714 23/02/2023 23/02/2023 Revista
    Clasificación decimal universal     Periódicos y Revistas Biblioteca del Ateneo de Madrid Biblioteca del Ateneo de Madrid Depósito folletos 20/03/2012   T-398-F-10-11 1189124 23/02/2023 23/02/2023 Revista
    Clasificación decimal universal     Periódicos y Revistas Biblioteca del Ateneo de Madrid Biblioteca del Ateneo de Madrid Depósito folletos 04/07/2016   T-476-F-1-3 1195550 23/02/2023 23/02/2023 Revista
    Clasificación decimal universal     Periódicos y Revistas Biblioteca del Ateneo de Madrid Biblioteca del Ateneo de Madrid Depósito folletos 04/07/2016   T-721-2-3 1195551 23/02/2023 23/02/2023 Revista
    Clasificación decimal universal     Periódicos y Revistas Biblioteca del Ateneo de Madrid Biblioteca del Ateneo de Madrid Depósito folletos 04/07/2016   T-417-F-7 1195552 23/02/2023 23/02/2023 Revista